<?xml version="1.0" encoding="UTF-8"?>
<record
    xmlns:xsi="http://www.w3.org/2001/XMLSchema-instance"
    xsi:schemaLocation="http://www.loc.gov/MARC21/slim http://www.loc.gov/standards/marcxml/schema/MARC21slim.xsd"
    xmlns="http://www.loc.gov/MARC21/slim">

  <leader>00779nam a2200289Ia 4500</leader>
  <controlfield tag="001">AUWbook000910</controlfield>
  <controlfield tag="003">BDCtgAUW</controlfield>
  <controlfield tag="005">20260406154939.0</controlfield>
  <controlfield tag="008">220908s9999    xx            000 0 eng d</controlfield>
  <datafield tag="020" ind1=" " ind2=" ">
    <subfield code="a">0745322344</subfield>
  </datafield>
  <datafield tag="040" ind1=" " ind2=" ">
    <subfield code="a">BDCtgAUW</subfield>
    <subfield code="c">BDCtgAUW</subfield>
  </datafield>
  <datafield tag="050" ind1=" " ind2=" ">
    <subfield code="a">DS119.7.R695</subfield>
  </datafield>
  <datafield tag="100" ind1="1" ind2=" ">
    <subfield code="a">Roy, Sara M.</subfield>
    <subfield code="9">7289</subfield>
  </datafield>
  <datafield tag="245" ind1=" " ind2="0">
    <subfield code="a">Failing peace :</subfield>
    <subfield code="b">gaza and the palestinian-israeli conflict /</subfield>
  </datafield>
  <datafield tag="260" ind1=" " ind2=" ">
    <subfield code="a">London :</subfield>
    <subfield code="b">Pluto Press,</subfield>
    <subfield code="c">2007.</subfield>
  </datafield>
  <datafield tag="650" ind1=" " ind2="0">
    <subfield code="a">1976.</subfield>
    <subfield code="9">7294</subfield>
  </datafield>
  <datafield tag="650" ind1=" " ind2="0">
    <subfield code="a">1987</subfield>
    <subfield code="x">1993.</subfield>
    <subfield code="9">79443</subfield>
  </datafield>
  <datafield tag="650" ind1=" " ind2="0">
    <subfield code="a">Arab</subfield>
    <subfield code="x">Israeli conflict.</subfield>
    <subfield code="9">79238</subfield>
  </datafield>
  <datafield tag="650" ind1=" " ind2="0">
    <subfield code="a">Entebbe Airport Raid.</subfield>
    <subfield code="9">7291</subfield>
  </datafield>
  <datafield tag="650" ind1=" " ind2="0">
    <subfield code="a">History.</subfield>
  </datafield>
  <datafield tag="650" ind1=" " ind2="0">
    <subfield code="a">Intifada.</subfield>
    <subfield code="9">7292</subfield>
  </datafield>
  <datafield tag="650" ind1=" " ind2="0">
    <subfield code="a">Jewish</subfield>
    <subfield code="z">Arab relations.</subfield>
    <subfield code="9">79444</subfield>
  </datafield>
  <datafield tag="887" ind1=" " ind2=" ">
    <subfield code="a"> BRAC</subfield>
    <subfield code="2">2982</subfield>
  </datafield>
  <datafield tag="888" ind1=" " ind2=" ">
    <subfield code="2">2982</subfield>
  </datafield>
  <datafield tag="942" ind1=" " ind2=" ">
    <subfield code="c">BK</subfield>
    <subfield code="0">0</subfield>
    <subfield code="2">lcc</subfield>
  </datafield>
  <datafield tag="945" ind1=" " ind2=" ">
    <subfield code="c">BK</subfield>
  </datafield>
  <datafield tag="999" ind1=" " ind2=" ">
    <subfield code="c">16967</subfield>
    <subfield code="d">16967</subfield>
  </datafield>
</record>
